书目信息 |
| 题名: |
照片
|
|
| 作者: | 鲁宾斯坦 著 ;陆汉臻 英文翻译 | |
| 分册: | ||
| 出版信息: | 杭州 浙江摄影出版社 2017.08 |
|
| 页数: | 132页 | |
| 开本: | 23cm | |
| 丛书名: | ||
| 单 册: | ||
| 中图分类: | J431(712) , J431 | |
| 科图分类: | ||
| 主题词: | 摄影集--美国--现代 | |
| 电子资源: | ||
| ISBN: | 978-7-5514-1898-0 | |
| 000 | 01002nam0 2200277 450 | |
| 001 | 677 | |
| 005 | 20180924094934.48 | |
| 010 | @a978-7-5514-1898-0@b精装@dCNY158.00 | |
| 100 | @a20171018d2017 em y0chiy50 ea | |
| 101 | 2 | @achi@aeng@ceng |
| 102 | @aCN@b330000 | |
| 105 | @aa z 001yy | |
| 200 | 1 | @a照片@9zhao pian@dPhoto@e伊娃·鲁宾斯坦摄影作品@e1967-1990@e典藏版@f(美)伊娃·鲁宾斯坦(Eva Rubinstein)著@zeng |
| 210 | @a杭州@c浙江摄影出版社@d2017.08 | |
| 215 | @a132页@c照片@d23cm | |
| 314 | @a英文翻译取自版权页 | |
| 330 | @a本书收录了伊娃·鲁宾斯坦1967-1990期间的摄影作品,所有照片重新扫描制作,并增加了不少新作。 | |
| 510 | 1 | @aPhoto@e1967-1990@zeng |
| 517 | 1 | @a伊娃·鲁宾斯坦摄影作品@9yi wa · lu bin si tan she ying zuo pin |
| 606 | 0 | @a摄影集@y美国@z现代 |
| 690 | @aJ431(712)@v5 | |
| 690 | @aJ431@v4 | |
| 701 | 0 | @c(美)@a鲁宾斯坦@9lu bin si tan@c(Rubinstein, Eva)@4著 |
| 702 | 0 | @a陆汉臻@9lu han zhen@4英文翻译 |
| 801 | 0 | @aCN@b91MARC@c20171018 |
| 905 | @aMuseLib@dJ431@e381 | |
| 照片=Photo:伊娃·鲁宾斯坦摄影作品:1967-1990:典藏版/(美)伊娃·鲁宾斯坦(Eva Rubinstein)著.-杭州:浙江摄影出版社,2017.08 |
| 132页:照片;23cm |
| ISBN 978-7-5514-1898-0(精装):CNY158.00 |
| 本书收录了伊娃·鲁宾斯坦1967-1990期间的摄影作品,所有照片重新扫描制作,并增加了不少新作。 |
| ● |
| 相关链接 |
|
|
|
|
正题名:照片
索取号:J431/381
 
预约/预借
| 序号 | 登录号 | 条形码 | 馆藏地/架位号 | 状态 | 备注 |
| 1 | 1120142 | 211201420 | 第一样本阅览室/ [索取号:J431/381] | 在馆 | |
| 2 | 1120143 | 211201439 | 第一借阅区/ [索取号:J431/381] | 在馆 |